000 00392nam a2200133Ia 4500
008 211109s9999||||xx |||||||||||||| ||und||
082 _a894.8123
_bVAD-C
100 _aVaduthala, T K C
245 0 _aChankranthi Adayum Mattu Pradhana Kathakalum
260 _bD c Books
_aKottayam
_c2003
630 _xGeneral Stack
650 _aMALAYALAM LITERATURE
_vMALAYALAM NOVEL
_xGeneralia
942 _cBOOK
999 _c20418
_d20418